| 000 | 01162nam2a2200277 4500 | ||
|---|---|---|---|
| 001 | RU\NLR\bibl\1317879 | ||
| 005 | 20250615155935.0 | ||
| 010 |
_a978-5-89777-142-4 _91000 |
||
| 021 |
_aRU _b2008-92466 _95415 |
||
| 035 | _a(NLR Aleph) 001303250 | ||
| 090 |
_a632774 _c632774 |
||
| 100 | _a20090120d2008 |||y0rusy50 ca | ||
| 101 | 1 |
_arus _ceng |
|
| 102 | _aRU | ||
| 105 | _aa ||||||||| | ||
| 200 | 1 |
_aОкончательное представление о миазмах _f[пер. с англ.: к.м.н. Мартюшев А.В.] |
|
| 210 |
_d2008 _aБ. м. |
||
| 215 |
_a276 с. _cил., цв. ил. |
||
| 225 | 1 | _aМатематика защиты Человека от Болезней | |
| 320 | _aБиблиогр.: с. 257 | ||
| 461 | 0 |
_1001RU\NLR\bibl\1322550 _12001#$aПрогнозирующая Гомеопатия$vЧ. 3 _9660660 _aВиджейкар, П. _cМосква _d2008 _fд-р Прафулл Виджейкар _nГомеопатическая Медицина _tПрогнозирующая Гомеопатия _vЧ. 3 |
|
| 801 | 0 |
_aRU _bNLR _c20090120 _gRCR |
|
| 801 | 1 |
_aRU _bNLR _c20090120 |
|
| 942 | _cBOOK | ||
| 980 | _aNB | ||